Základná škola s materskou školou, Saint-Denis, Paríž

Saved in:
Bibliographic Details
Main Author: Čačala, Patrik (Author)
Other Authors: Ruhig, Roman (Thesis advisor)
Format: Manuscript Book
Language:Slovak
Published: 2020
Subjects:
Online Access:http://is.stuba.sk/zp/portal_zp.pl?podrobnosti=136785
https://opac.crzp.sk/?fn=detailBiblioForm&sid=9A7ADD0D299745E4539ABFD3D3B4
Tags: Add Tag
No Tags, Be the first to tag this record!

MARC

LEADER 00000ntm a22000003a 4500
001 stuzp78521
003 SK-STU
005 20230516135823.6
007 ta
008 150427s2015----xo-----f-mn---000-0-slo-d
040 |a STU  |b slo 
041 0 |a slo 
100 1 |a Čačala, Patrik  |u 010310  |4 aut  |U SvF Stavebná fakulta  |T SvF Katedra architektúry  |X 87387  |U V181|V310  |Y 19  |7 87387 
242 0 1 |a Elementary school with kindergarten, Saint-Denis, Paris  |y eng 
245 1 0 |a Základná škola s materskou školou, Saint-Denis, Paríž 
260 |c 2020 
650 4 |a škola  |2 slo 
650 4 |a Saint-Denis  |2 slo 
650 4 |a Multi-Comfort  |2 slo 
650 4 |a school  |2 eng 
650 4 |a Saint-Denis  |2 eng 
650 4 |a Multi-Comfort  |2 eng 
700 1 |a Ruhig, Roman  |u 010310  |k Z3  |4 ths  |U SvF Stavebná fakulta  |T SvF Katedra architektúry  |X 7452  |U V181|V310  |Y 19  |7 A000007452 
856 4 |u http://is.stuba.sk/zp/portal_zp.pl?podrobnosti=136785 
856 4 |u https://opac.crzp.sk/?fn=detailBiblioForm&sid=9A7ADD0D299745E4539ABFD3D3B4